Social Justice and Democracy : (Record no. 612721)

MARC details
000 -LEADER
fixed length control field 00503nam a2200193 a 4500
008 - FIXED-LENGTH DATA ELEMENTS--GENERAL INFORMATION
fixed length control field 260216s2005##################000#0#eng##
020 ## - INTERNATIONAL STANDARD BOOK NUMBER
ISBN 9783631534281
082 04 - DEWEY DECIMAL CLASSIFICATION NUMBER
Classification number 320.011
Item number EKA
100 1# - MAIN ENTRY--AUTHOR NAME
Personal name Ekanga, Basile,
245 10 - TITLE STATEMENT
Title Social Justice and Democracy :
260 ## - PUBLICATION, DISTRIBUTION, ETC. (IMPRINT)
Name of publisher Peter Lang Publishing,
Year of publication 2005.
300 ## - PHYSICAL DESCRIPTION
Number of Pages 798 pages
650 #0 - SUBJECT ADDED ENTRY--TOPICAL TERM
Topical Term History.
942 ## - ADDED ENTRY ELEMENTS (KOHA)
Koha item type English Books
Holdings
Withdrawn status Lost status Damaged status Not for loan Home library Current library Shelving location Date acquired Full call number Accession Number Price effective from Koha item type
        Anna Centenary Library Anna Centenary Library 3RD FLOOR, B WING 16.02.2026 320.011 EKA 215783 16.02.2026 English Books

Find us on the map